000 00521nam a2200193Ia 4500
003 OSt
005 20260217102953.0
008 210210b2002 xxu||||| |||| 00| 0 eng d
040 _cAL
041 _aHindi
082 _aH891.4 GUPG
100 _aGUPT (Paramanand).
_d गुप्ता (प्रेमानंद)
_9255248
245 _aGadya-vivida
_b गद्य-विविदा
260 _aDilli.
_bRajpal.,
_c2002
300 _a96
690 _aHindi Prose
_9255249
906 _a057502
942 _2ddc
_cBK
999 _c105032
_d105032